000 00726nam a22002537a 4500
001 00260
003 DO-SdBNP
005 20180213125219.0
008 151130b 1991 sp xxu||||| |||| 00| 0 spa d
020 _a8470202855
040 _aBPMSU
_bspa
_cBPMSU
092 _axxxxx
_bxxxxx
100 1 _aMateu, Gregorio
245 1 0 _aAmaneceres de vida /
_cGregorio Mateu ; dibujos de María Antonia Sastre.
260 _aMadrid :
_bAtenas,
_c1991.
300 _a244 p. :
_bil. ;
_c19 cm.
490 1 _aTestigos de la fe
_v; 12
700 1 2 _aSastre, María Antonia,
_eil.
830 0 _aTestigos de la fe
_n; 12
910 _a00260
942 _2ddc
_cBK
945 _ainventariado, 2018 / dg
956 _aLorenza Pérez
_b10
999 _c8966
_d8966